00781nam a2200205 a 450000100100000000500170001000800410002704000250006810000270009324500660012026000270018630000230021349000530023650400300028950000330031970000410035283000600039395201050045399900170055800004298520201002040542.0140214s2004 pe 001 0 spa d aDO-SdBNPbspacBNPHU1 aPérez, Joseph97048910aCarlos V /cJoseph Pérez; prólogo, Bartolomé Bennassar. a[Peru], :bABC,c2004. a223 p. : ;c21 cm.1 aBiblioteca ABCaProtagonistas de la historiav13 aBibliografía p: 217-218 aIncluye índice analítico1 aBennassar, Bartoloméeprol.970490 0aBiblioteca ABCgProtagonistas de la historiav13970491 001050718MOaGRbGRcCTd2014-02-14iLF1l0o p42985-10r2020-06-25w2020-06-25y1ZNo se presta c42474d42474